Načítá se...

An introduction to Literary studies/

Podrobná bibliografie
Hlavní autor: Mario Klarer
Médium: Printed Book
Vydáno: London: Routledge, 2000.
Témata:
LEADER 00757nam a22001811a 4500
020 |a 9780415211703 
082 |a 820.9  |b MAR/I 
100 |a Mario Klarer   |9 134286 
245 |a An introduction to Literary studies/  |c by Mario Klarer  
260 |a London:  |b Routledge,  |c 2000. 
300 |a 166p. 
650 |a Literature English Criticism  |9 134287 
650 |a Literature English History  |9 134288 
650 |a Literature  |9 134289 
942 |c BK 
999 |c 20713  |d 20713 
952 |0 0  |1 0  |4 0  |6 820_900000000000000_MAR_I  |7 0  |9 29059  |a SSUS  |b SSUS  |d 2015-01-08  |g 200.00  |l 1  |o 820.9 MAR/I  |p 022959  |r 2017-01-03  |s 2016-12-09  |v 0.00  |w 2015-01-08  |y BK 
952 |0 0  |1 0  |4 0  |6 820_900000000000000_MAR_I  |7 0  |9 29060  |a SSUS  |b SSUS  |d 2015-01-08  |g 200.00  |o 820.9 MAR/I  |p 031218  |r 2015-01-08  |v 0.00  |w 2015-01-08  |y BK